000 00556nam a2200205#a 4500
001 01929
003 HDC
007 ta
008 230623s2011 xx 000 0 eng d
040 _aHDC
050 _aHalfest BP 184.98
_b .M35 2012
245 0 _aHalfest :
_bbuku panduan pengunjung, 10-14 Oktober 2012, PWTC, Kuala Lumpur.
264 _aKuala Lumpur :
_bShapers,
_c2011.
300 _avarious paging. ;
_c 21cm.
650 _aHalal food industry
_vDirectories.
942 _2lcc
942 _cBK
942 _kHalfest BP 184.98
942 _m .M35 2012
999 _c23490
_d23490